LEADER 03344nam1 2200493 450 001 000009241 005 20080403143239.0 100 $a20080331g18891902km-y0itay50------ba 101 0 $aita 102 $aIT 105 $aacf-----001yy 200 1 $aCampagne del principe Eugenio di Savoia$eopera pubblicata dalla Divisione storica militare dell'I. R. Archivio di guerra in base a documenti officiali e ad altre fonti autentiche 210 $eTorino$gTip. L. Roux e C. 215 $av.$cill.$d25 cm 300 $aSull'occhietto: Fatta tradurre e stampare da Sua Maestą Umberto 1. re d'Italia 306 $aAltra data di pubblicazione sul front.: Vienna : edizione dell'I. e R. Stato Maggiore Generale, 1876 316 $aLegature in quarto di pergamena con punte cieche su piatti di cartone, ricoperti di c. dec.; dorsi con titoli, numeri dei volumi e fregi a inchiostro; foxing$5UNIPARTHENOPE 463 \1$1001000009266$12001 $a<< Volume 1. >>Introduzione alla storia delle campagne del principe Eugenio di Savoia 463 \1$1001000009267$12001 $a<>Campagne contro i turchi, 1697-1698 e pace di Karlowitz, 1699 463 \1$1001000009269$12001 $a<>Guerra per la successione di Spagna$ecampagna del 1701 463 \1$1001000009270$12001 $a<>Guerra per la successione di Spagna$ecampagna del 1702 463 \1$1001000009271$12001 $a<>Guerra per la successione di Spagna$ecampagna del 1703 463 \1$1001000009272$12001 $a<> Guerra per la successione di Spagna$ecampagna del 1704 463 \1$1001000009273$12001 $a<>Guerra per la successione di Spagna$ecampagna del 1705 463 \1$1001000009274$12001 $a<>Guerra per la successione di Spagna$ecampagna del 1706 463 \1$1001000009275$12001 $a<>Guerra per la successione di Spagna$ecampagna del 1707 463 \1$1001000009276$12001 $a<>Guerra per la successione di Spagna$ecampagna del 1708 463 \1$1001000009277$12001 $a<>Guerra per la successione di Spagna$ecampagna del 1709 463 \1$1001000009278$12001 $a<>Guerra per la successione di Spagna$ecampagna del 1710 463 \1$1001000009279$12001 $a<>Guerra per la successione di Spagna$ecampagna del 1711 463 \1$1001000009280$12001 $a<>Guerra per la successione di Spagna$ecampagna del 1712 463 \1$1001000009281$12001 $a<>Guerra per la successione di Spagna$ecampagna del 1713 463 \1$1001000009282$12001 $a<>Guerra contro i turchi$ecampagna del 1716 463 \1$1001000009287$12001 $a<>Guerra contro i turchi 1716-18$ecampagne del 1717-18 463 \1$1001000009288$12001 $a<>Guerre in Sicilia e in Corsica negli anni 1717-1720 e 1730-1732 463 \1$1001000009289$12001 $a<>Guerra per la successione di Polonia (1733-35)$ecampagne 1733 e 34 463 \1$1001000009290$12001 $a<>Guerra per la successione di Polonia (1733-35)$ecampagna 1735 620 $aAustria$dVienna 620 $aItalia$dTorino 676 $a355.0092$v21$9Arte e scienza militare. Persone 801 0$aIT$bUNIPARTHENOPE$c20080331$gRICA$2UNIMARC 912 $a000009241 996 $aCampagne del principe Eugenio di Savoia$91204898 997 $aUNIPARTHENOPE LEADER 01009nam a2200301 i 4500 001 991001963009707536 005 20020507154533.0 008 000509s1993 it ||| | ita 020 $a8834820258 035 $ab11589462-39ule_inst 035 $aLE02728149$9ExL 040 $aDip.to Studi Giuridici$bita 082 0 $a347.009034 084 $aC-XVIII/A 100 1 $aRebuffa, Giorgio$0125670 245 13$aLa funzione giudiziaria /$cGiorgio Rebuffa 250 $a3. ed. riv. e ampliata 260 $aTorino :$bG. Giappichelli,$c[1993] 300 $a214 p. ;$c22 cm. 490 0 $aMultiVersum ;$v11 650 4$aFunzioni giudiziarie$ySec. 19.-20. 650 4$aGiudice$ySec. 19.-20. 907 $a.b11589462$b01-03-17$c02-07-02 912 $a991001963009707536 945 $aLE027 C-XVIII/A 29$g1$i2027000199167$lle027$o-$pE0.00$q-$rl$s- $t0$u2$v0$w2$x0$y.i11798828$z02-07-02 996 $aFunzione giudiziaria$9733294 997 $aUNISALENTO 998 $ale027$b01-01-00$cm$da $e-$fita$git $h3$i1